000 00453nam a22001817a 4500
003 MPLRDC
005 20220104123629.0
008 210129b ||||| |||| 00| 0 eng d
020 _a7-5004-1420-X
082 _a790 WLH
100 _a吴龙辉 主编
245 _a古董秘鉴
_c
250 _a一版一刷
260 _a
_b中国社会科学出版社
_c1993
300 _b
650 _a古器物; 考古学; 古物学
942 _cBK
_o790 WLH
999 _c12938
_d12928